[Event "Vecindario Montalvo Memorial 17th"]
[Site "Vecindario"]
[Date "2025.04.13"]
[Round "2"]
[White "Mykhyeyev, Serafim"]
[Black "Cappelle, Cedric"]
[Result "0-1"]
[WhiteElo "1516"]
[BlackElo "1774"]
[PlyCount "94"]
[EventDate "2025.04.12"]
[EventType "swiss"]
[EventRounds "9"]
[EventCountry "ESP"]
[SourceTitle "CB17_2025"]
[SourceDate "2025.04.23"]
[SourceVersion "1"]
[SourceVersionDate "2025.04.23"]
[SourceQuality "1"]

1. e4 e6 2. d4 d5 3. exd5 exd5 4. Bd3 c5 5. c3 Nf6 6. Nf3 Bg4 7. Be3 c4 8. Bc2 b5 9. Nbd2 Nbd7 10. 0-0 Bd6 11. h3 Bh5 12. a4 a6 13. axb5 axb5 14. Re1 0-0 15. Rxa8 Qxa8 16. Qa1 Qc6 17. Bg5 Ra8 18. Qb1 Bg6 19. Bxf6 Bxc2 20. Qxc2 Nxf6 21. Ne5 Qc7 22. Ndf3 Ne4 23. Qe2 f6 24. Ng4 Qd7 25. Ne3 Bf8 26. Nd2 Nxd2 27. Qxd2 b4 28. Rb1 b3 29. Qd1 Qe6 30. Qf3 Rd8 31. Qf5 Qxf5 32. Nxf5 g6 33. Ne3 Bh6 34. Kf1 f5 35. Ra1 Kf7 36. Ra7+ Ke6 37. Rxh7 Bxe3 38. fxe3 Ra8 39. Rb7 Ra2 40. Rb6+ Kf7 41. Rb7+ Kf6 42. h4 Rxb2 43. Rb6+ Kg7 44. Rb5 Rc2 45. Ke1 b2 46. Rb7+ Kh6 47. Kd1 Rc1+ 0-1